[Event "Povolje_2014_open"]
[Site "Ulyanovsk"]
[Date "2014.08.27"]
[Round "2"]
[White "Nikonova, Irina"]
[Black "Parfenov, Vladimir"]
[Result "1/2-1/2"]
[WhiteElo "1892"]
[BlackElo "1999"]
[PlyCount "58"]
[EventDate "2014.08.26"]
[EventRounds "9"]
[EventCountry "RUS"]

1. e4 e5 2. Nc3 f5 3. Bc4 Nf6 4. d3 Bb4 5. Bd2 d6 6. Nf3 fxe4 7. dxe4 Bg4 8. h3
Bh5 9. Qe2 Nc6 10. g4 Bg6 11. O-O-O Qe7 12. Nd5 Bxd2+ 13. Rxd2 Qd7 14. Ng5 Nd4
15. Rxd4 exd4 16. Ne6 c6 17. Ndc7+ Ke7 18. e5 dxe5 19. Nxa8 Rxa8 20. Qxe5 Qd6
21. Qe2 Kd7 22. Nxg7 Ne4 23. Be6+ Kc7 24. Bf5 Qf4+ 25. Kb1 Bxf5 26. Nxf5 Re8
27. Ka1 Nxf2 28. Qxe8 Nxh1 29. Qe7+ Kb6 1/2-1/2

[Event "Povolje_2014_open"]
[Site "Ulyanovsk"]
[Date "2014.08.27"]
[Round "2"]
[White "Seyfutdinov, Rustam"]
[Black "Sinicin, Vladimir"]
[Result "1-0"]
[WhiteElo "1955"]
[BlackElo "1686"]
[PlyCount "45"]
[EventDate "2014.08.26"]
[EventRounds "9"]
[EventCountry "RUS"]

1. d4 Nf6 2. Bg5 d5 3. Bxf6 exf6 4. e3 c5 5. c3 Nc6 6. g3 Bf5 7. Bg2 Be7 8. Ne2
O-O 9. dxc5 Ne5 10. O-O Nd3 11. b4 Qd7 12. Nd4 Nb2 13. Qb3 Nc4 14. Nxf5 Qxf5
15. e4 Qd7 16. exd5 Ne5 17. d6 Bd8 18. Qd5 Rb8 19. Nd2 Re8 20. c4 f5 21. b5 Bf6
22. c6 Qe6 23. d7 1-0

[Event "Povolje_2014_open"]
[Site "Ulyanovsk"]
[Date "2014.08.27"]
[Round "2"]
[White "Pisarenko, Oleg"]
[Black "Pegov, Valery"]
[Result "1-0"]
[WhiteElo "1997"]
[BlackElo "1669"]
[PlyCount "67"]
[EventDate "2014.08.26"]
[EventRounds "9"]
[EventCountry "RUS"]

1. c4 d6 2. Nc3 e5 3. g3 Bd7 4. Bg2 Bc6 5. e4 f5 6. d3 Nf6 7. Nge2 Be7 8. O-O
fxe4 9. Nxe4 Nxe4 10. Bxe4 O-O 11. Nc3 Bxe4 12. dxe4 Nc6 13. Ne2 Rf3 14. Nf4
exf4 15. Qxf3 Nd4 16. Qd1 f3 17. Qxd4 c6 18. Qe3 Qd7 19. Qxf3 Rf8 20. Qg2 Qg4
21. f3 Qh5 22. b3 Bf6 23. Rb1 Bd4+ 24. Kh1 Rf6 25. Bb2 Bxb2 26. Rxb2 Rh6 27.
Rd2 Qe5 28. f4 Qf6 29. Rfd1 Kf7 30. Rxd6 Qxd6 31. Rxd6 Rxd6 32. Qe2 Ke6 33.
Qg4+ Kf7 34. Qf5+ 1-0

[Event "Povolje_2014_open"]
[Site "Ulyanovsk"]
[Date "2014.08.27"]
[Round "2"]
[White "Nikitin, Dmitry"]
[Black "Abdurahmanov, Afer"]
[Result "1-0"]
[WhiteElo "1833"]
[BlackElo "1664"]
[PlyCount "65"]
[EventDate "2014.08.26"]
[EventRounds "9"]
[EventCountry "RUS"]

1. e4 e6 2. d4 h6 3. Bd3 b6 4. Nc3 Bb7 5. Nf3 Ne7 6. O-O Nbc6 7. d5 Nb4 8. Bc4
c6 9. d6 Ng6 10. a3 Na6 11. e5 Nh4 12. g3 Nf5 13. Nd4 b5 14. Nxf5 bxc4 15. Ne3
c5 16. Nxc4 g6 17. Be3 Bg7 18. f4 h5 19. Qe2 h4 20. g4 h3 21. Bf2 g5 22. Bg3
Bg2 23. Rf2 O-O 24. Ne3 Bb7 25. f5 f6 26. fxe6 dxe6 27. Qc4 Qd7 28. Nf5 fxe5
29. Ne7+ Kh7 30. Qd3+ e4 31. Nxe4 Bxe4 32. Qxe4+ Kh8 33. Qg6 1-0

[Event "Povolje_2014_open"]
[Site "Ulyanovsk"]
[Date "2014.08.27"]
[Round "2"]
[White "Breskanu, Nikita"]
[Black "Schankin, Sergei"]
[Result "0-1"]
[WhiteElo "1636"]
[BlackElo "1816"]
[PlyCount "80"]
[EventDate "2014.08.26"]
[EventRounds "9"]
[EventCountry "RUS"]

1. d4 Nf6 2. c4 e6 3. Nf3 c5 4. e3 d5 5. cxd5 exd5 6. Nc3 Be7 7. Bd3 O-O 8. O-O
Nc6 9. a3 a6 10. dxc5 Bxc5 11. b4 Ba7 12. Bb2 d4 13. exd4 Nxd4 14. Nxd4 Bxd4
15. Qd2 Be6 16. Rac1 Qd7 17. Bb1 Rfd8 18. Qf4 Rac8 19. Rfd1 Ng4 20. Rd2 Qc7 21.
Qxc7 Rxc7 22. Rcd1 Rcd7 23. Bc2 Bxf2+ 24. Rxf2 Nxf2 25. Kxf2 Rxd1 26. Bxd1 Rd2+
27. Ke3 Rxb2 28. Bf3 b5 29. Bb7 Rb3 30. Kd4 Rxa3 31. Ne4 Ra4 32. Kc3 a5 33.
bxa5 b4+ 34. Kb2 Rxa5 35. h3 Ra2+ 36. Kb1 Re2 37. Nc5 b3 38. Bf3 Bf5+ 39. Kc1
Rc2+ 40. Kd1 b2 0-1

[Event "Povolje_2014_open"]
[Site "Ulyanovsk"]
[Date "2014.08.27"]
[Round "2"]
[White "Mikeev, Valery"]
[Black "Logunov, Egor"]
[Result "1-0"]
[WhiteElo "1784"]
[BlackElo "1603"]
[PlyCount "99"]
[EventDate "2014.08.26"]
[EventRounds "9"]
[EventCountry "RUS"]

1. Nf3 Nf6 2. c4 g6 3. Nc3 Bg7 4. d4 d6 5. e4 O-O 6. Be2 b6 7. O-O Bb7 8. Qc2
Nbd7 9. Rd1 Qc8 10. h3 Re8 11. Be3 e5 12. d5 Rb8 13. b4 a6 14. a4 Rf8 15. Rac1
Re8 16. Qd2 Ra8 17. Nh2 Qd8 18. Bg5 Bc8 19. Ng4 h5 20. Nh2 Nf8 21. Nf3 N8h7 22.
Bh4 Nf8 23. Rc2 N8h7 24. Qe3 Kh8 25. c5 Bd7 26. Rdc1 Rg8 27. Bd3 Qb8 28. Ng5
Nxg5 29. Bxg5 Kh7 30. f4 exf4 31. Qxf4 Ne8 32. Qxf7 Qc8 33. e5 Bf5 34. Bxf5
Qxf5 35. Qxf5 gxf5 36. Be3 bxc5 37. bxc5 dxc5 38. Ne2 Bxe5 39. Rxc5 Bd6 40.
R5c4 Nf6 41. Nf4 Rab8 42. Rd1 Rb2 43. Bf2 Ne4 44. Nd3 Ra2 45. Rdc1 Rd2 46.
Rxc7+ Bxc7 47. Rxc7+ Kh8 48. Bd4+ Rg7 49. Bxg7+ Kg8 50. Nf4 1-0

[Event "Povolje_2014_open"]
[Site "Ulyanovsk"]
[Date "2014.08.27"]
[Round "2"]
[White "Verevicheva, Marina"]
[Black "Golubchikov, Alexey"]
[Result "0-1"]
[WhiteElo "1519"]
[BlackElo "1774"]
[PlyCount "128"]
[EventDate "2014.08.26"]
[EventRounds "9"]
[EventCountry "RUS"]

1. e4 c6 2. d4 d5 3. e5 Bf5 4. Nf3 e6 5. Bd3 Bxd3 6. Qxd3 Qa5+ 7. c3 Qa6 8.
Qxa6 Nxa6 9. Be3 Rc8 10. Nbd2 c5 11. O-O Ne7 12. Nb3 Ng6 13. Ng5 h6 14. Nh3 c4
15. Nc1 f5 16. exf6 gxf6 17. Ne2 Bd6 18. Nef4 Bxf4 19. Nxf4 Nxf4 20. Bxf4 Kf7
21. Rfe1 Rcg8 22. Re2 Rg6 23. Rae1 f5 24. f3 h5 25. h4 Nb8 26. b3 cxb3 27. axb3
Nd7 28. Ra1 a6 29. c4 dxc4 30. bxc4 Rc8 31. c5 e5 32. Bg5 Re6 33. Rae1 Rce8 34.
d5 Rg6 35. Rc1 Rc8 36. Rec2 Ke8 37. c6 bxc6 38. dxc6 Nf8 39. c7 Ne6 40. Bd2 Nd4
41. Rb2 Ne2+ 42. Kf2 Nxc1 43. Bxc1 Rxc7 44. Rb8+ Kd7 45. Bg5 Kc6 46. Be3 Kd5
47. Rb2 f4 48. Bb6 Rcg7 49. Kf1 Rb7 50. Rd2+ Ke6 51. Bc5 Rb1+ 52. Kf2 a5 53.
Re2 Kf5 54. Ba3 a4 55. Bb2 Re6 56. Ba3 Rb3 57. Bc1 a3 58. g3 fxg3+ 59. Kxg3 Ra6
60. Ra2 e4 61. Kf2 Rxf3+ 62. Ke2 Rh3 63. Kd1 Rxh4 64. Bxa3 Rh1+ 0-1

[Event "Povolje_2014_open"]
[Site "Ulyanovsk"]
[Date "2014.08.27"]
[Round "2"]
[White "Gorelov, Ivan"]
[Black "Rumyantsev, Nikolay"]
[Result "0-1"]
[WhiteElo "1354"]
[BlackElo "1744"]
[PlyCount "124"]
[EventDate "2014.08.26"]
[EventRounds "9"]
[EventCountry "RUS"]

1. c4 Nf6 2. Nc3 g6 3. g3 c6 4. Bg2 d5 5. b3 d4 6. Ne4 e5 7. d3 Nxe4 8. Bxe4
Nd7 9. Bg2 Bb4+ 10. Bd2 Qa5 11. Bxb4 Qxb4+ 12. Qd2 a5 13. Qxb4 axb4 14. Nf3 f6
15. Kd2 Ke7 16. Kc2 Nb6 17. Kb2 Ra3 18. Nd2 Be6 19. Ne4 Nd7 20. h4 h6 21. Bh3
f5 22. Nd2 Nc5 23. Nb1 Ra6 24. Nd2 Rha8 25. Bg2 Kf6 26. h5 g5 27. f3 Bd7 28.
Rh2 Be6 29. Rhh1 Bf7 30. g4 Be6 31. Bh3 f4 32. Bg2 Ke7 33. Rhc1 Bg8 34. Bf1 Bh7
35. Rc2 Ra3 36. Nb1 Nxb3 37. axb3 Rxa1 38. Kc1 Kd6 39. Rb2 Kc5 40. Kc2 b6 41.
Kc1 Bg8 42. Kc2 b5 43. Kc1 Kb6 44. Kc2 c5 45. Kc1 Bh7 46. Kc2 bxc4 47. bxc4 Bg8
48. Kc1 Be6 49. Kc2 Bd7 50. Kc1 R8a3 51. Kc2 Ba4+ 52. Kc1 Ka5 53. Kd2 R3a2 54.
Kc1 b3 55. Bg2 Kb4 56. Bf1 Rxb2 57. Kxb2 Rxb1+ 58. Kxb1 Kc3 59. Kc1 b2+ 60. Kb1
Bc2+ 61. Ka2 b1=Q+ 62. Ka3 Qa1# 0-1

[Event "Povolje_2014_open"]
[Site "Ulyanovsk"]
[Date "2014.08.27"]
[Round "3"]
[White "Pirogov, Vyatchslav"]
[Black "Seyfutdinov, Rustam"]
[Result "1-0"]
[WhiteElo "2339"]
[BlackElo "1955"]
[PlyCount "72"]
[EventDate "2014.08.26"]
[EventRounds "9"]
[EventCountry "RUS"]

1. d4 Nf6 2. c4 e6 3. g3 Bb4+ 4. Bd2 Bxd2+ 5. Nxd2 d5 6. Bg2 O-O 7. Ngf3 b6 8.
O-O Bb7 9. Ne5 c5 10. Ndf3 Qd6 11. Rc1 Nbd7 12. cxd5 Bxd5 13. Nxd7 Nxd7 14.
dxc5 Nxc5 15. b4 Ne4 16. Qd4 a5 17. b5 Qb4 18. Qxb6 Rab8 19. Qe3 Qxb5 20. Nd4
Qb7 21. a4 Nf6 22. Bxd5 Nxd5 23. Qe5 Rfc8 24. Nb5 Rxc1 25. Rxc1 Rc8 26. Rd1 Qb6
27. Rd4 Kf8 28. h3 Nc3 29. Rd7 Nxb5 30. axb5 Rc5 31. Qe4 Ke8 32. Rb7 Rc1+ 33.
Kg2 Qd8 34. Ra7 g6 35. Qf4 Qd5+ 36. e4 e5 1-0

[Event "Povolje_2014_open"]
[Site "Ulyanovsk"]
[Date "2014.08.27"]
[Round "3"]
[White "Mirzaev, Aziz"]
[Black "Kolosov, Anatoly"]
[Result "1-0"]
[WhiteElo "2305"]
[BlackElo "1900"]
[PlyCount "141"]
[EventDate "2014.08.26"]
[EventRounds "9"]
[EventCountry "RUS"]

1. d4 d5 2. Nf3 Nf6 3. c4 e6 4. Nc3 c6 5. Bg5 Bb4 6. Qb3 Qa5 7. Bxf6 gxf6 8. g3
Nd7 9. Bg2 dxc4 10. Qxc4 Nb6 11. Qb3 Nd5 12. Rc1 Bd7 13. O-O O-O 14. Ne4 Qb6
15. Qc2 f5 16. Ne5 Qd8 17. Nc5 Bxc5 18. dxc5 f6 19. Nc4 Qe7 20. Nd6 b5 21. Rfe1
Qg7 22. Bxd5 exd5 23. Nxf5 Bxf5 24. Qxf5 Rae8 25. Rcd1 Re5 26. Qf3 f5 27. e3
Re4 28. Re2 a5 29. Red2 Rc4 30. b3 Rxc5 31. Qf4 Qg4 32. Qd6 Rc2 33. Qe6+ Rf7
34. Rd4 Qg6 35. Qc8+ Rf8 36. Qd7 Qf7 37. Qd6 b4 38. a3 bxa3 39. Qxa3 Rb8 40.
Qxa5 Rxb3 41. Qd8+ Kg7 42. Rh4 Rb7 43. Qd6 h5 44. Rdd4 Qg6 45. Qe5+ Qf6 46. Qe8
Qg6 47. Qe5+ Kh7 48. Rh3 Rc4 49. Rxc4 dxc4 50. Rh4 Rb5 51. Qe7+ Kh6 52. Rxc4
Rb6 53. Rd4 c5 54. Qxc5 Rc6 55. Qf8+ Qg7 56. Qxf5 Rf6 57. Rd6 Rxd6 58. Qf4+ Kh7
59. Qxd6 Qa1+ 60. Kg2 Qa8+ 61. f3 h4 62. Qe7+ Kg8 63. Qxh4 Qa2+ 64. Kh3 Qf7 65.
f4 Kg7 66. Qg5+ Kh8 67. f5 Kh7 68. e4 Kh8 69. e5 Qc4 70. Qh6+ Kg8 71. Qe6+ 1-0

[Event "Povolje_2014_open"]
[Site "Ulyanovsk"]
[Date "2014.08.27"]
[Round "3"]
[White "Usachev, Andrey"]
[Black "Shuklin, Nikolay"]
[Result "0-1"]
[WhiteElo "1900"]
[BlackElo "2113"]
[PlyCount "132"]
[EventDate "2014.08.26"]
[EventRounds "9"]
[EventCountry "RUS"]

1. d4 d6 2. c4 g6 3. g3 Bg7 4. Bg2 Nf6 5. Nc3 Nbd7 6. Nf3 O-O 7. O-O e5 8. dxe5
dxe5 9. Bg5 h6 10. Bxf6 Qxf6 11. Nd2 Qd8 12. Qc2 c6 13. Rad1 Qe7 14. a3 a5 15.
Kh1 f5 16. Nf3 e4 17. Nh4 Ne5 18. f4 exf3 19. exf3 g5 20. f4 gxh4 21. fxe5 hxg3
22. hxg3 Bxe5 23. Rde1 Qg7 24. Ne2 Bd7 25. Nf4 Rae8 26. Re2 Qxg3 27. Bd5+ Kh7
28. Rg2 Qh4+ 29. Rh2 Qf6 30. Bg2 Bxf4 31. Rxf4 Re1+ 32. Rf1 Rxf1+ 33. Bxf1 Be8
34. Bd3 Bg6 35. Qd2 f4 36. Rg2 Bxd3 37. Qxd3+ Qf5 38. Qf3 Re8 39. Rf2 Qe4 40.
Kg1 Qxf3 41. Rxf3 Rf8 42. Kf2 Kg6 43. Rd3 Rf7 44. Rd6+ Kg5 45. Rd8 Kf5 46. Ra8
Ke4 47. Rxa5 Rd7 48. Rh5 Rd2+ 49. Ke1 Rxb2 50. Rxh6 Rb3 51. Rh7 Ke3 52. Re7+
Kd4 53. Rf7 f3 54. Rf4+ Kc5 55. a4 Kb4 56. Kd2 Kxa4 57. Kc2 Ra3 58. Kb2 Re3 59.
Rf7 b5 60. cxb5 cxb5 61. Ra7+ Kb4 62. Kc2 Re2+ 63. Kd3 Rb2 64. Ke3 f2 65. Ra1
Kb3 66. Rf1 Ka2 0-1

[Event "Povolje_2014_open"]
[Site "Ulyanovsk"]
[Date "2014.08.27"]
[Round "3"]
[White "Dobrocmyslov, Artem"]
[Black "Pavlov, Anatoly F"]
[Result "1-0"]
[WhiteElo "1983"]
[BlackElo "2066"]
[PlyCount "135"]
[EventDate "2014.08.26"]
[EventRounds "9"]
[EventCountry "RUS"]

1. d4 f5 2. g3 Nf6 3. c4 g6 4. Bg2 Bg7 5. Nc3 O-O 6. Nf3 d6 7. O-O a5 8. Rb1
Na6 9. b3 Qe8 10. Bb2 c6 11. d5 Nc5 12. Nd4 Bd7 13. a3 Nfe4 14. Nxe4 Nxe4 15.
dxc6 bxc6 16. Qc2 e5 17. Nf3 Qb8 18. Rfd1 Be6 19. Nd2 d5 20. Nxe4 fxe4 21. cxd5
cxd5 22. Qc6 Qe8 23. Qxe8 Rfxe8 24. Rdc1 Rec8 25. Kf1 h5 26. Ke1 Bf5 27. e3 d4
28. Kd2 Rd8 29. Ke1 Rab8 30. Ba1 dxe3 31. fxe3 Rd3 32. Rc3 Rbd8 33. Bf1 Rd2 34.
Be2 Ra2 35. b4 Kh7 36. Bb2 axb4 37. axb4 Be6 38. Bc4 Bxc4 39. Rxc4 Rd3 40. Rc7
Rxe3+ 41. Kd1 Rf3 42. b5 Rb3 43. Rxg7+ Kh6 44. Bc1+ Kxg7 45. Rxb3 Ra7 46. b6
Rb7 47. Be3 Kf6 48. Rc3 Ke6 49. Rc7 Rb8 50. Ke2 g5 51. Bc5 Kd5 52. b7 h4 53.
Ba7 Rxb7 54. Rxb7 hxg3 55. hxg3 g4 56. Ke3 Kc6 57. Rb6+ Kd5 58. Rb5+ Ke6 59.
Kxe4 Kd6 60. Rxe5 Kc6 61. Kd4 Kd6 62. Bb8+ Kc6 63. Kc4 Kb6 64. Re6+ Kb7 65. Kb5
Kc8 66. Kc6 Kd8 67. Bc7+ Kc8 68. Re8# 1-0

[Event "Povolje_2014_open"]
[Site "Ulyanovsk"]
[Date "2014.08.27"]
[Round "3"]
[White "Sazonov, Anatoliy"]
[Black "Nikonova, Irina"]
[Result "1-0"]
[WhiteElo "1889"]
[BlackElo "1892"]
[PlyCount "77"]
[EventDate "2014.08.26"]
[EventRounds "9"]
[EventCountry "RUS"]

1. Nf3 f5 2. c4 c5 3. g3 Nc6 4. Bg2 e5 5. d3 Be7 6. Nc3 Nf6 7. Nd5 d6 8. Nxe7
Nxe7 9. O-O O-O 10. e3 Ng6 11. d4 Qc7 12. b3 Bd7 13. Bb2 Rae8 14. Ng5 Kh8 15.
h4 h6 16. Nh3 Ne7 17. Qc2 f4 18. dxe5 dxe5 19. exf4 Bxh3 20. Bxh3 exf4 21. g4
Nc6 22. f3 Nd7 23. Rad1 Nde5 24. Kg2 Qe7 25. Qf2 Ng6 26. h5 Nge5 27. Rfe1 b6
28. Re4 Qf7 29. Qe2 Nd7 30. Rd6 Rxe4 31. Qxe4 Nd4 32. g5 Re8 33. Rxd7 Qxh5 34.
Qxf4 Re2+ 35. Kg3 Qe8 36. Bxd4 cxd4 37. Qxd4 Qb8+ 38. f4 Qg8 39. gxh6 1-0

[Event "Povolje_2014_open"]
[Site "Ulyanovsk"]
[Date "2014.08.27"]
[Round "3"]
[White "Schankin, Sergei"]
[Black "Chesalkin, Vladimir"]
[Result "0-1"]
[WhiteElo "1816"]
[BlackElo "2078"]
[PlyCount "86"]
[EventDate "2014.08.26"]
[EventRounds "9"]
[EventCountry "RUS"]

1. e4 c5 2. Nf3 d6 3. d4 cxd4 4. Nxd4 Nf6 5. Nc3 a6 6. Be2 e5 7. Nf3 Be7 8. O-O
O-O 9. Bg5 Nbd7 10. Qd2 b5 11. Nd5 Bb7 12. Nxe7+ Qxe7 13. Rad1 Bxe4 14. Qxd6
Qxd6 15. Rxd6 Bxc2 16. Bxf6 Nxf6 17. Nxe5 Rfe8 18. Bf3 Rac8 19. Rc6 Rxc6 20.
Nxc6 Be4 21. Bxe4 Rxe4 22. Rd1 g6 23. Nd4 Re5 24. f3 Rd5 25. Kf2 Kf8 26. Rd2
Ke7 27. Nc6+ Kd6 28. Rxd5+ Nxd5 29. Nd4 Nb4 30. Ke3 Nxa2 31. Nc2 Kc5 32. Kd2 a5
33. Ne1 Nb4 34. Kc3 Nd5+ 35. Kd2 a4 36. Nd3+ Kd4 37. g3 b4 38. Nc1 Nb6 39. b3
a3 40. Ne2+ Ke5 41. Kc2 Nd5 42. h3 f5 43. h4 h6 0-1

[Event "Povolje_2014_open"]
[Site "Ulyanovsk"]
[Date "2014.08.27"]
[Round "3"]
[White "Beldyugin, Alexey"]
[Black "Mikeev, Valery"]
[Result "1-0"]
[WhiteElo "2070"]
[BlackElo "1784"]
[PlyCount "97"]
[EventDate "2014.08.26"]
[EventRounds "9"]
[EventCountry "RUS"]

1. b3 d5 2. e3 Nf6 3. Bb2 Nbd7 4. Nf3 e6 5. c4 c6 6. Nc3 Be7 7. d4 Ne4 8. Qc2
f5 9. Bd3 Ndf6 10. O-O O-O 11. Ne5 Nxc3 12. Bxc3 Ne4 13. Bb2 Bf6 14. f3 Ng5 15.
Rac1 Be7 16. g4 Nf7 17. f4 Nd6 18. c5 Ne4 19. Bxe4 fxe4 20. g5 Bd7 21. Qe2 Be8
22. Qg4 Rf5 23. Kh1 Bg6 24. b4 Qe8 25. a4 Rc8 26. Qe2 Bh5 27. Qd2 Qf8 28. Kg1
Bd8 29. b5 Qe8 30. h3 Bc7 31. bxc6 bxc6 32. Ng4 Kf8 33. Bc3 Rb8 34. Rb1 Ke7 35.
Ba5 Qd8 36. Ne5 Be8 37. Rxb8 Qxb8 38. Bxc7 Qxc7 39. Rb1 Kd8 40. Qb4 Kc8 41. a5
Rf8 42. a6 h6 43. h4 hxg5 44. hxg5 g6 45. Qb7+ Qxb7 46. Rxb7 Rh8 47. Rxa7 Kb8
48. Re7 Ka8 49. Kg2 1-0

[Event "Povolje_2014_open"]
[Site "Ulyanovsk"]
[Date "2014.08.27"]
[Round "3"]
[White "Golubchikov, Alexey"]
[Black "Pisarenko, Oleg"]
[Result "1/2-1/2"]
[WhiteElo "1774"]
[BlackElo "1997"]
[PlyCount "96"]
[EventDate "2014.08.26"]
[EventRounds "9"]
[EventCountry "RUS"]

1. e4 e5 2. Nf3 Nc6 3. Bc4 Be7 4. d4 exd4 5. c3 d6 6. cxd4 Nf6 7. Nc3 O-O 8. h3
a6 9. a4 a5 10. O-O b6 11. Re1 Nb4 12. Qb3 h6 13. Bf4 Bb7 14. Rad1 Nxe4 15.
Nxe4 d5 16. Bxd5 Nxd5 17. Bg3 Bb4 18. Nc3 Nxc3 19. bxc3 Bxf3 20. gxf3 Bd6 21.
Re4 Qd7 22. Kg2 Kh7 23. Bxd6 Qxd6 24. Rde1 Qg6+ 25. Rg4 Qd6 26. Rge4 Rad8 27.
Qb5 Rd7 28. Qe5 Qxe5 29. Rxe5 Rfd8 30. Re7 Kg6 31. f4 Kf6 32. R7e5 Rd5 33. Kf3
g5 34. Ke4 c6 35. Rb1 gxf4 36. Rxb6 Rxe5+ 37. dxe5+ Ke7 38. Rxc6 Rd2 39. f3 Ra2
40. Rc4 Rh2 41. Kxf4 Rxh3 42. Kg4 Rh2 43. Rc5 Rc2 44. Rxa5 Rxc3 45. Ra6 h5+ 46.
Kxh5 Rxf3 47. Kg4 Rf1 48. a5 Rf2 1/2-1/2

[Event "Povolje_2014_open"]
[Site "Ulyanovsk"]
[Date "2014.08.27"]
[Round "3"]
[White "Rumyantsev, Nikolay"]
[Black "Poletaev, Vitaly"]
[Result "0-1"]
[WhiteElo "1744"]
[BlackElo "1948"]
[PlyCount "46"]
[EventDate "2014.08.26"]
[EventRounds "9"]
[EventCountry "RUS"]

1. e4 c6 2. d4 d5 3. e5 Bf5 4. g4 Be4 5. f3 Bg6 6. Ne2 e6 7. Be3 Be7 8. Bf2 Bh4
9. Ng3 Nd7 10. Nc3 b5 11. a3 a6 12. Nce2 c5 13. c3 Ne7 14. Nf4 Qc7 15. Ng2 Bxg3
16. hxg3 Rc8 17. Be3 cxd4 18. cxd4 Nb6 19. Rc1 Nc4 20. Qb3 Nc6 21. Bf2 O-O 22.
Qa2 Qa5+ 23. b4 Nxb4 0-1

[Event "Povolje_2014_open"]
[Site "Ulyanovsk"]
[Date "2014.08.27"]
[Round "3"]
[White "Logunova, Elizaveta"]
[Black "Ivanov, Nikolay A"]
[Result "1/2-1/2"]
[WhiteElo "1709"]
[BlackElo "1944"]
[PlyCount "43"]
[EventDate "2014.08.26"]
[EventRounds "9"]
[EventCountry "RUS"]

1. d4 Nf6 2. Nf3 c5 3. d5 g6 4. c4 Bg7 5. Nc3 O-O 6. e4 d6 7. Be2 Bg4 8. h3
Bxf3 9. Bxf3 Nbd7 10. h4 h5 11. Bf4 a6 12. a4 Ne5 13. Bxe5 dxe5 14. g4 hxg4 15.
Bxg4 Nxg4 16. Qxg4 Qd6 17. O-O-O Qf6 18. Rdg1 Kh7 19. Kb1 Bh6 20. Rh3 Qf4 21.
Qg2 Qf6 22. Qg4 1/2-1/2

[Event "Povolje_2014_open"]
[Site "Ulyanovsk"]
[Date "2014.08.27"]
[Round "3"]
[White "Chugunov, Vyacheslav"]
[Black "Anikin, Victor"]
[Result "1-0"]
[WhiteElo "1936"]
[BlackElo "1773"]
[PlyCount "63"]
[EventDate "2014.08.26"]
[EventRounds "9"]
[EventCountry "RUS"]

1. e4 c6 2. d4 e6 3. Nf3 d6 4. c4 Be7 5. Nc3 Nd7 6. e5 d5 7. Bd3 Nf8 8. O-O g5
9. Be3 h5 10. Nd2 f5 11. exf6 Bxf6 12. Qc2 Ne7 13. f4 g4 14. c5 Nf5 15. Bxf5
exf5 16. Rfe1 Kf7 17. Bf2 Bd7 18. Re5 Bxe5 19. dxe5 Be6 20. Nb3 Kg6 21. Nd4 h4
22. Nd1 Qe7 23. Ne3 g3 24. hxg3 hxg3 25. Bxg3 Qh7 26. Nxe6 Nxe6 27. Qxf5+ Kg7
28. Qf6+ Kg8 29. Qxe6+ Kf8 30. Qf6+ Ke8 31. Nf5 Rg8 32. e6 1-0

[Event "Povolje_2014_open"]
[Site "Ulyanovsk"]
[Date "2014.08.27"]
[Round "3"]
[White "Sinicin, Vladimir"]
[Black "Sounov, Batyr"]
[Result "0-1"]
[WhiteElo "1686"]
[BlackElo "1917"]
[PlyCount "98"]
[EventDate "2014.08.26"]
[EventRounds "9"]
[EventCountry "RUS"]

1. d4 Nf6 2. c4 g6 3. Nc3 Bg7 4. e4 d6 5. f3 Nbd7 6. Be3 O-O 7. Bd3 c5 8. d5 a6
9. a4 Qb6 10. Qc2 Ne5 11. Be2 Qb4 12. b3 Nh5 13. Bd2 Qb6 14. g4 Nf6 15. h4 Ned7
16. f4 e6 17. Rb1 exd5 18. cxd5 h6 19. Nf3 Re8 20. Bd3 Qd8 21. Kd1 Nf8 22. Re1
N6h7 23. e5 b6 24. f5 gxf5 25. gxf5 dxe5 26. Rg1 Kh8 27. Bc1 e4 28. Qg2 Ng6 29.
fxg6 exf3 30. Qxf3 fxg6 31. Bxg6 Rf8 32. Qd3 Nf6 33. Bd2 Bd7 34. Kc2 b5 35. Bf4
b4 36. Ne2 Nxd5 37. Qxd5 Bf5+ 38. Qxf5 Rxf5 39. Bxf5 Qf6 40. Bd3 Re8 41. Bd2
Qd6 42. Rg6 Qe5 43. Rbg1 Qb2+ 44. Kd1 Re7 45. Bxh6 Qxb3+ 46. Bc2 Rd7+ 47. Ke1
Bc3+ 48. Kf1 Qxc2 49. Bf4 Rd1+ 0-1

[Event "Povolje_2014_open"]
[Site "Ulyanovsk"]
[Date "2014.08.27"]
[Round "3"]
[White "Parshakov, Vladimir"]
[Black "Goncharov, Evgeniy"]
[Result "1-0"]
[WhiteElo "1909"]
[BlackElo "1717"]
[PlyCount "67"]
[EventDate "2014.08.26"]
[EventRounds "9"]
[EventCountry "RUS"]

1. e4 c6 2. d4 d5 3. exd5 cxd5 4. c4 dxc4 5. Bxc4 Nf6 6. Ne2 e6 7. O-O Bd6 8.
f4 O-O 9. Nbc3 Nc6 10. a3 Bd7 11. Kh1 Rc8 12. Ba2 Na5 13. Ng3 Nc4 14. Qd3 b5
15. Bb1 g6 16. b3 Na5 17. Nce4 Be7 18. Bb2 Nd5 19. Bc2 Rxc2 20. Qxc2 Ne3 21.
Qc3 Nxf1 22. Nxf1 f6 23. Ne3 Bc6 24. Nc5 Bxc5 25. dxc5 Nb7 26. Rd1 Qc7 27. Ng4
Qxf4 28. Nxf6+ Rxf6 29. Qxf6 Qxf6 30. Bxf6 Nxc5 31. Rc1 Ne4 32. Rxc6 Nxf6 33.
Rxe6 Kf7 34. Ra6 1-0

[Event "Povolje_2014_open"]
[Site "Ulyanovsk"]
[Date "2014.08.27"]
[Round "3"]
[White "Suimanov, Vladimir"]
[Black "Peruhin, Anatoliy"]
[Result "0-1"]
[WhiteElo "1412"]
[BlackElo "1695"]
[PlyCount "56"]
[EventDate "2014.08.26"]
[EventRounds "9"]
[EventCountry "RUS"]

1. c4 e5 2. Nc3 Nf6 3. Qc2 Nc6 4. e3 Be7 5. Nge2 Nb4 6. Qb1 d5 7. cxd5 Nfxd5 8.
d4 exd4 9. Nxd5 Qxd5 10. a3 Bf5 11. Nf4 Bxb1 12. Nxd5 Nc2+ 13. Kd2 dxe3+ 14.
fxe3 Nxa1 15. Nxc7+ Kd7 16. Nxa8 Rxa8 17. Bb5+ Kc7 18. Ba4 Rd8+ 19. Kc3 Bf6+
20. Kc4 a6 21. Bd1 Bd3+ 22. Kb4 Kb6 23. a4 Nc2+ 24. Kb3 Rc8 25. Bf3 a5 26. Rd1
Bf5 27. Bd5 Nb4 28. Bxf7 Bc2+ 0-1

[Event "Povolje_2014_open"]
[Site "Ulyanovsk"]
[Date "2014.08.27"]
[Round "3"]
[White "Pegov, Valery"]
[Black "Verevicheva, Marina"]
[Result "1-0"]
[WhiteElo "1669"]
[BlackElo "1519"]
[PlyCount "67"]
[EventDate "2014.08.26"]
[EventRounds "9"]
[EventCountry "RUS"]

1. e4 e5 2. Nf3 Nc6 3. Bc4 Bc5 4. c3 Nf6 5. d4 exd4 6. cxd4 Bb4+ 7. Nc3 O-O 8.
d5 Nb8 9. e5 Ne4 10. Qd3 Nc5 11. Qc2 h6 12. Bd2 d6 13. O-O-O Bxc3 14. Bxc3 Bg4
15. b4 Ncd7 16. e6 Nf6 17. h4 Bh5 18. exf7+ Bxf7 19. Ng5 g6 20. Ne6 Bxe6 21.
Qxg6+ Kh8 22. Qxh6+ Kg8 23. dxe6 Qe7 24. Bxf6 Rxf6 25. Qxf6 Qxf6 26. e7+ Kg7
27. e8=N+ Kg6 28. Nxf6 Kxf6 29. g4 Nc6 30. g5+ Kg6 31. Bd3+ Kh5 32. f4 Nxb4 33.
f5 Nxa2+ 34. Kb2 1-0

[Event "Povolje_2014_open"]
[Site "Ulyanovsk"]
[Date "2014.08.27"]
[Round "3"]
[White "Abdurahmanov, Afer"]
[Black "Gorelov, Ivan"]
[Result "1-0"]
[WhiteElo "1664"]
[BlackElo "1354"]
[PlyCount "105"]
[EventDate "2014.08.26"]
[EventRounds "9"]
[EventCountry "RUS"]

1. g3 c6 2. Bg2 d5 3. c3 Bf5 4. Nf3 Nd7 5. Qb3 Qb6 6. d3 Qxb3 7. axb3 Ngf6 8.
Be3 a6 9. h3 e5 10. O-O Bd6 11. g4 Bg6 12. Nh4 e4 13. Nxg6 hxg6 14. dxe4 Nxe4
15. c4 Nef6 16. Rd1 Be5 17. cxd5 cxd5 18. g5 Nh5 19. Bxd5 Bxb2 20. Ra2 Be5 21.
Bxb7 Rb8 22. Bc6 Rd8 23. Bb6 Rb8 24. Bxd7+ Ke7 25. Bc5+ Kd8 26. Rxa6 Nf4 27.
Bb5+ Kc8 28. Rc6+ Bc7 29. Ba6+ Rb7 30. Bxb7+ Kxb7 31. Rxc7+ Kxc7 32. Bd6+ Kb7
33. Bxf4 Rxh3 34. Be3 f6 35. Rd7+ Kc6 36. Rxg7 fxg5 37. Rxg6+ Kb5 38. Rxg5+ Kb4
39. Nd2 Rh7 40. Rg4+ Kb5 41. b4 Rc7 42. Bc5 Rd7 43. Nb3 Rd1+ 44. Kg2 Rb1 45.
Nd4+ Ka6 46. b5+ Kb7 47. b6 Kb8 48. Rg7 Rc1 49. Bd6+ Kc8 50. b7+ Kd8 51. b8=Q+
Rc8 52. Bc7+ Ke8 53. Qxc8# 1-0

[Event "Povolje_2014_open"]
[Site "Ulyanovsk"]
[Date "2014.08.28"]
[Round "4"]
[White "Shuklin, Nikolay"]
[Black "Pirogov, Vyatchslav"]
[Result "0-1"]
[WhiteElo "2113"]
[BlackElo "2339"]
[PlyCount "100"]
[EventDate "2014.08.26"]
[EventRounds "9"]
[EventCountry "RUS"]

1. d4 e6 2. c4 f5 3. Nf3 Nf6 4. g3 d5 5. Bg2 c6 6. O-O Bd6 7. Qc2 O-O 8. Nc3
Qe7 9. Rb1 Ne4 10. c5 Bc7 11. Bf4 Bxf4 12. gxf4 Bd7 13. b4 a6 14. a4 Be8 15. e3
Kh8 16. Ne5 Nd7 17. Ne2 Nef6 18. f3 Nh5 19. Nc3 Nxe5 20. fxe5 f4 21. e4 Bg6 22.
Rbd1 Qh4 23. Rfe1 dxe4 24. Nxe4 Bxe4 25. Rxe4 g5 26. Qf2 Qxf2+ 27. Kxf2 Ng7 28.
Bh3 Kg8 29. Re2 Kf7 30. Rb2 Kg6 31. Rdd2 Nf5 32. Bxf5+ Kxf5 33. b5 axb5 34.
axb5 Rf7 35. bxc6 bxc6 36. Rb6 Rc7 37. h3 h5 38. Rb1 Rd7 39. Rg1 Ra4 40. Rgd1
Rb7 41. Ke2 Rb3 42. Rd3 Rbb4 43. R3d2 g4 44. hxg4+ hxg4 45. fxg4+ Kxg4 46. Kf2
Kf5 47. Kf3 Rb3+ 48. Rd3 Raa3 49. Rxb3 Rxb3+ 50. Kf2 Ke4 0-1